| 000 | 00469nam a2200157Ia 4500 | ||
|---|---|---|---|
| 008 | 210716s1994 xx 000 0 und d | ||
| 020 | _a0256112401 | ||
| 041 | _aeng | ||
| 082 | _a658.4 GIBJ | ||
| 100 | _aGibson, James L;Ivancevich, John M;Donnelly, James H. | ||
| 245 |
_aOrganizations: behavior structure processes. _bBehavior structure processes. |
||
| 250 | _a8 | ||
| 260 |
_aNew Jersey _bIrwin _c1994 |
||
| 300 | _axxvi,802 | ||
| 650 | _aOrganisational Behavior | ||
| 999 |
_c198785 _d198785 |
||